000 00747nam a2200241 i 4500
001 bg
245 0 0 _aRemonty budynków mieszkalnych :
_bporadnik : praca zbiorowa /
_cpod kier. Stanisława Zaleskiego ; aut. Bożena Chmiel [et al.].
250 _aWyd.2 zm.
260 _aWarszawa :
_bArkady,
_c1997.
300 _a457 s. :
_bfot., rys., wykr. ;
_c21 cm.
504 _aBibliogr. s. 455-457.
650 9 _aBudownictwo mieszkaniowe
_xochrona i konserwacja
655 _aPoradniki
700 1 _aZALESKI, Stanisław.
_eRed.
700 1 _aCHMIEL, Bożena.
020 _a8321338720
040 _cBPK
041 0 _apl
080 _a69.004.5/.6::728](03)
920 _a83-213-3872-0
942 _cKS
008 s pl f |000 0 pol
999 _c32443
_d32443
856 _uhttp://koha.tu.koszalin.pl/cgi-bin/koha/opac-detail.pl?biblionumber=32443
_yKatalog online BPK